[Event "Groningen Harmonie"]
[Site "Groningen"]
[Date "2004.12.29"]
[Round "8"]
[White "Zhigalko, Andrey"]
[Black "Ernst, Sipke"]
[Result "1-0"]
[WhiteElo "2515"]
[BlackElo "2521"]
[Annotator "Gofshtein,L"]
[PlyCount "83"]
[EventDate "2004.12.21"]
[EventType "tourn"]
[EventRounds "9"]
[EventCountry "NED"]
[EventCategory "10"]
[SourceTitle "CBM 105"]
[Source "ChessBase"]
[SourceDate "2005.04.11"]
[SourceVersion "1"]
[SourceVersionDate "2005.04.11"]
[SourceQuality "1"]

1. e4 {[%mdl 4]} c5 2. Nf3 d6 3. d4 cxd4 4. Nxd4 Nf6 5. Nc3 Nc6 6. Bg5 Qb6 7.
Nb3 e6 8. Qd2 Be7 9. O-O-O O-O 10. f3 Rd8 11. Nb5 Rd7 12. Qe1 a6 13. N5d4 Qc7
14. g4 {This variation doesn't have a good reputation for black. White's plan
is relatively easy - an attack on the kingside. At the same time black finds
it difficult to get an activity on the queenside, for example:} (14. Kb1 b5 15.
Nxc6 Qxc6 16. g4 $6 (16. Nd4 $5) 16... e5 17. Bc1 Rc7 $132 {0-1 Cheparinov,
I-Kotronias,V/Linares 2002/CBM 087 ext (28)}) (14. h4 Ne5 15. Kb1 b5 16. g4 d5
17. Bxf6 gxf6 18. f4 Ng6 19. f5 Nf4 20. g5 $40 {1-0 Anand,V-Avrukh,B/Haifa
2000/CBM 074 ext (32)}) 14... Rd8 15. Be3 {Retreating the bishop and preparing
the advance g4-g5. 15.Kb1 deserves attention as was played in the games shown
below. In this case white has a very nice position} (15. Kb1 Ne5 16. h4 (16.
Bc1 Nfd7 17. f4 Nc4 18. g5 $40 {1/2-1/2 Nijboer,F-Van der Weide,K/Leeuwarden
2001/CBM 084 (53)}) 16... d5 17. Bxf6 Bxf6 18. g5 Be7 19. f4 Nc6 20. e5 $40 {
1-0 Gara,A-Fernandez,R/Budapest 2001/CBM 083 ext (37)}) 15... d5 $146 {[%mdl 8]
An exchange on d4 deserves serious attention and d6-d5 only after it. As the
next game shows black was able to recieve counterplay} (15... Nxd4 $5 16. Nxd4
d5 17. g5 Nh5 18. Qh4 g6 19. Bd3 dxe4 20. Bxe4 e5 21. Ne2 Be6 $132 {1/2-1/2
Korneev,O-Kotronias,V/Port Erin 2003/CBM 096 ext (22)}) 16. g5 Nh5 (16... Ne8
$5) 17. Nxc6 bxc6 18. Qa5 {Offering to trade queens. After 18.Qh4 white
doesn't have anything real} (18. Qh4 g6 19. f4 c5 20. exd5 c4 21. Nd4 c3 22. b3
Bb7 $132) 18... Qe5 {[%cal Re7g5,Re5g5,Ye3g5] Black disagrees to the exchange
and attacks the pawn on g5} (18... Qb8 $5) 19. Rg1 {Defending the pawn and
transfering the rook to a more active position} (19. h4 Ng3 20. Rg1 Nxf1 21.
Rdxf1 Rb8 $132) 19... Bd7 {Connecting the rooks and trying to get some
counterplay. 19...Qh2 deserved attention as well} (19... Qxh2 $5 20. Bc4 Bd7
21. Rh1 Qg2 $132) 20. Nc5 Be8 {It was interesting to check 20...Qh2 again} (
20... Qxh2 21. Nxd7 Rxd7 22. Qc3 Qc7) 21. Nd3 Qb8 (21... Qxh2 22. Rd2 Qb8 23.
Bb6 Rd7 24. e5 $44) 22. Qc3 c5 {Black temporarily sacrifices a pawn, trying to
break the white's blockade} 23. exd5 $5 {This move looks stronger than 23.Bc5}
(23. Bxc5 Bxc5 24. Nxc5 Qxh2 $132) 23... Rxd5 {Also in the case of 23...ed
white has a certain advantage} (23... exd5 24. Nxc5) 24. f4 {[%cal Gf1g2,Rg2d5]
White tries to consolidate his position by defending the g5 pawn and opening
the h1-a8 diagonal for his light-squared bishop} c4 {Black tries to activize
his pieces through the pawn sacrifice} 25. Qxc4 Bb5 26. Qb3 Qe8 {[%cal Rb5a4]}
(26... Qc7 27. Bg2 Rxd3 28. Rxd3 Nxf4 29. Bxa8 Nxd3+ 30. Kb1 $16) 27. Bg2 Ba4
28. Bxd5 {White sacrifices his queen, trying to seize the initiative. A simple
28.Qb6 was also possible and black would have to prove the correctness of the
pawn sac} (28. Qb6 $5 Rd6 29. Qa5 Rc8 30. Nc5 Rxd1+ 31. Rxd1 Bxc5 32. Bxc5 Nxf4
) 28... Bxb3 29. Bxb3 {White's play is very reckless. After 29.Ba8 it is hard
to evaluate the arising position} (29. Bxa8 Bxc2 30. Kxc2 Qxa8 31. Rge1 Kf8 32.
Kb1 Bd6 $13) 29... Qc6 30. Rge1 Bd6 31. f5 {Another pawn sacrifice. This is
how white tries to activize his light squared bishop} exf5 32. Bd4 Qc7 $6 {
32...Bh2 deserved attention and it's not clear how white can make use of his
active pieces} (32... Bxh2 $5 33. Re7 Rf8 34. Be3 (34. Rf1 Qg6) 34... Bd6) 33.
Ne5 Bxe5 34. Rxe5 g6 35. Rde1 {[%cal Re5e7]} Rf8 36. Bc5 Nf4 37. Kb1 {Not
falling for the trap. After 37.Bf8 Nd3 black wins} (37. Bxf8 $4 Nd3+ 38. Kb1
Nxe1 39. Re8 Qd7 $19) 37... Ng2 38. R1e2 Nf4 39. R2e3 Qd8 $6 {Black is very
agressive. After 39...Ng2 it's not clear how can white get rid of the
importunate knight.} (39... Ng2 $11) 40. a4 Qxg5 $2 {[%mdl 8192] After this
blunder black loses} (40... h5 $5 41. Bxf8 Kxf8 $132) 41. Re8 Qg1+ 42. Ka2 1-0

[Event "RUS-chT 05th"]
[Site "Maikop"]
[Date "1998.06.03"]
[Round "1"]
[White "Prokopchuk, Evgeny"]
[Black "Shcherbakov, Ruslan"]
[Result "0-1"]
[WhiteElo "2500"]
[BlackElo "2555"]
[Annotator "Gofshtein,L"]
[PlyCount "88"]
[EventDate "1998.06.03"]
[EventType "team-tourn"]
[EventRounds "11"]
[EventCountry "RUS"]
[SourceTitle "CBM 066"]
[Source "ChessBase"]
[SourceDate "1998.09.30"]
[SourceVersion "1"]
[SourceVersionDate "1998.09.30"]
[SourceQuality "1"]
[WhiteTeam "Noyabrsk Yamal"]
[BlackTeam "Elista Uralan"]
[WhiteTeamCountry "RUS"]
[BlackTeamCountry "RUS"]

1. e4 {Tyomkin,D} c5 2. Nf3 Nc6 3. d4 cxd4 4. Nxd4 Nf6 5. Nc3 d6 6. Bg5 a6 7.
Qd2 Qb6 8. Nb3 e6 9. O-O-O Be7 10. f3 O-O 11. g4 Qc7 12. Be3 b5 13. g5 Nd7 14.
f4 $146 (14. h4 b4 (14... Nb6 15. a3 Ne5 16. Bxb6 Qxb6 17. f4 Nc4 18. Qd4 Qxd4
19. Nxd4 Bb7 20. Bxc4 bxc4 21. f5 $14 {Vasiukov,E-Filipowicz,A/Budapest 1965/
1-0(26)}) 15. Ne2 a5 16. Nbd4 (16. Ned4 $5) 16... Ba6 17. Nxc6 Qxc6 18. Nd4 Qb7
$132 {Kindermann,S-Nicevski,R/Naleczow 1984/0-1(42)}) 14... Nb6 15. Bd3 (15.
Qf2 Rb8 16. h4 Na4 $1 $132) 15... Re8 16. h4 b4 17. Ne2 a5 18. Kb1 d5 19. Bxb6
(19. h5 $6 Nc4 20. Bxc4 dxc4 21. Nbd4 Nxd4 22. Bxd4 c3 23. bxc3 Rb8 $40) 19...
Qxb6 20. exd5 exd5 21. h5 a4 22. Nbd4 b3 23. Nxc6 Qxc6 24. cxb3 axb3 25. a3 Bg4
$15 26. Rc1 Qb6 27. Nc3 {[%tqu "En","","","","e7a3","",10]} Bxa3 $3 {getting
strong attack} 28. bxa3 Rxa3 29. Nb5 $1 (29. Kb2 Qa5 {[%cal Ra3a2]} 30. Ra1 Ra8
$19 31. Qe1 d4 {[%cal Ga3a2]}) (29. Nxd5 Qa7 $19) (29. Qb2 Rea8 $19 {[%cal
Gb6a5]}) (29. g6 Qa5 30. gxh7+ Kh8 31. Qb2 Ra8 $19) 29... Ra4 30. h6 (30. g6
Rea8 31. Qb2 Qxb5 $3 $19 (31... Ra1+ $19)) 30... Rea8 31. Qb2 {[%tqu "En","",
"","","a4a1","",10]} Ra1+ $1 32. Qxa1 Rxa1+ 33. Kxa1 Qf2 $19 {[%cal Rf2a2]} 34.
Bc2 bxc2 35. Nc3 Qd2 36. Kb2 d4 37. Nd5 Be6 $4 {I guess it was mutual
time-trouble.} (37... Qa5 38. Rhe1 (38. Ne7+ Kf8 39. hxg7+ Kxg7 $19) (38. Rce1
Qb5+ 39. Kc1 (39. Ka1 c1=Q+ $1) 39... Qb1+ 40. Kd2 c1=Q+ 41. Rxc1 Qa2+ $19 {
[%cal Ga2d5]}) 38... Qb5+ $1 39. Ka3 (39. Kxc2 Bf5+) (39. Ka1 Be6 $19) 39...
Be6 $19) 38. Ne7+ $4 (38. Rxc2 Qa5 39. Rhc1 $1 (39. Ne7+ $2 Kf8 40. Ra1 Qb4+
41. Kc1 d3 42. hxg7+ Kxg7 43. f5 Qf4+ 44. Rd2 Qc7+ 45. Kb1 Qb6+ 46. Kc1 Qc5+
47. Kb1 Qb4+ 48. Kc1 Qc3+ 49. Kb1 f6 $1 $19 (49... Qxd2 $4 50. f6+)) 39... f6 (
39... f5 40. Rc8+ $3 Bxc8 41. Rxc8+ Kf7 42. Rc7+ Kg6 (42... Ke6 $2 43. hxg7)
43. Rxg7+ (43. Ne7+ Kh5 44. hxg7 Qxc7 45. g8=Q Qxe7 $19) 43... Kh5 44. Nf6+ Kh4
45. Rxh7 Qc3+ 46. Ka2 d3 47. Rd7 $11) 40. Rc8+ Bxc8 41. Rxc8+ Kf7 42. Rc7+ Kg6
43. Rxg7+ Kf5 44. gxf6 $11) 38... Kf8 39. Rxc2 Qb4+ 40. Kc1 Qa3+ 41. Kb1 Kxe7 (
41... Qxe7 $142 $19) 42. hxg7 Qb3+ 43. Kc1 Qa3+ 44. Kb1 Qb3+ (44... Qb3+ 45.
Kc1 d3 (45... f6 46. Re1) 46. Rc7+ Kd6 47. g8=Q Kxc7 48. Kd2 (48. Rh2 Qc3+ 49.
Kb1 Qe1+ 50. Kb2 d2 $19 {[%cal Re1c1]}) 48... Qc2+ 49. Ke3 Qe2+ 50. Kd4 d2 51.
Qxh7 d1=Q+ 52. Rxd1 Qxd1+ 53. Ke3 Qe1+ $19) 0-1

[Event "Budapest FS02 GM"]
[Site "Budapest"]
[Date "2000.02.05"]
[Round "1"]
[White "Fogarasi, Tibor"]
[Black "Nguyen, Anh Dung"]
[Result "1-0"]
[WhiteElo "2429"]
[BlackElo "2496"]
[Annotator "Gofshtein,L"]
[PlyCount "127"]
[EventDate "2000.02.05"]
[EventType "tourn"]
[EventRounds "13"]
[EventCountry "HUN"]
[EventCategory "9"]
[SourceTitle "CBM 076"]
[Source "ChessBase"]
[SourceDate "2000.05.31"]
[SourceVersion "1"]
[SourceVersionDate "2000.05.31"]
[SourceQuality "1"]

1. e4 c5 2. Nc3 Nc6 3. Nf3 Nf6 4. d4 cxd4 5. Nxd4 d6 6. Bg5 e6 7. Qd2 Be7 8.
O-O-O O-O 9. f3 a6 10. h4 Nxd4 (10... Qc7 11. g4 Rd8 (11... Ne5 $6 12. Bxf6
Bxf6 13. g5 Be7 14. h5 b5 15. f4 Nc4 16. Bxc4 bxc4 17. f5 Rb8 18. f6 Qb7 (18...
gxf6 19. gxf6 Bxf6 20. Rdg1+ Kh8 21. Qh6 Qe7 22. Nc6 $18) 19. b3 Bd8 20. fxg7
Kxg7 21. Rdg1 cxb3 22. cxb3 Ba5 23. Nf5+ exf5 24. Qd4+ Kg8 25. h6 $18 {1-0
McGowan,A-Sax,R/Greater Peoria 1990 (32)}) (11... b5 12. Nxc6 Qxc6 13. Bd3 Bb7
14. Kb1 Qc7 15. h5 Rfd8 16. Bh4 b4 17. Ne2 d5 18. e5 Ne4 19. Qe3 Bxh4 20. Rxh4
Rac8 21. Nd4 Nc5 22. g5 $14 {1-0 Wengenroth,W-Roos,T/Neuwied op 1993/GER 09 
(35)}) (11... Bd7 12. Be3 Nxd4 13. Bxd4 Bc6 (13... Be8 14. h5 e5 15. Be3 b5 16.
g5 b4 17. Ne2 Nd7 18. Ng3 $16 {1-0 Melcher,W-Oberst,T/OLWuert 1993 (29)}) 14.
h5 $14 {[%cal Gg4g5]}) 12. h5 (12. Kb1 Rb8 13. Be3 Nxd4 14. Bxd4 b5 15. g5 Nd7
16. Qg2 b4 17. Ne2 e5 18. Be3 Nc5 $14 {0-1 Tringov,G-Popovic,P/Stara Pazova
1988/Inf 46/[Popovic,P] (42)}) 12... h6 13. Be3 d5 14. e5 Nxe5 15. g5 hxg5 16.
Bxg5 Nxf3 (16... Nc4 17. Bxc4 dxc4 18. h6 $16) 17. Nxf3 Ne4 18. Qe3 (18. Nxe4
dxe4 19. Qxd8+ Bxd8 20. Rxd8+ Kh7 21. h6 exf3 22. hxg7+ Kxg7 23. Rhh8 $18 {
[%cal Gd8g8]}) 18... Nxg5 19. Nxg5 d4 20. h6 $3 $18 {1-0 Pribyl,M-Bach,E/
Boblingen 1993 (32)}) (10... Bd7 11. Nxc6 (11. g4 Ne5 (11... b5 12. Nxc6 Bxc6
13. Bd3 b4 14. Ne2 Qa5 15. Kb1 Rfc8 16. Nd4 Bb5 17. Nb3 Qc7 18. Rc1 Bc4 $132 {
1-0 Herrera,I-De la Paz,F/Santa Clara CUB 1996 (54)}) 12. Be2 Rc8 13. Kb1 b5
14. Bxf6 Bxf6 15. g5 Be7 16. f4 Nc4 17. Bxc4 Rxc4 $132 {1-0 Tartakower,
S-Rossolimo,N/Paris 1936 (27)}) 11... Bxc6 12. Ne2 Rc8 13. Nd4 Bd7 14. g4 Qc7
15. Kb1 Rfd8 16. Bd3 Be8 17. h5 Kh8 18. Be3 d5 19. e5 Qxe5 20. g5 Nd7 21. Bxh7
$1 $16 {[%cal Ge3f4] 1-0 Mazi,L-Aseev,K/Wuerzburg ,EXT 1992 (31)}) (10... Ne8
11. Be3 Bf6 12. g4 Nxd4 13. Bxd4 Bxd4 14. Qxd4 b5 15. g5 Rb8 16. e5 b4 17. Ne4
d5 18. Nf6+ gxf6 19. gxf6 Kh8 20. Bd3 $18 {1-0 Novotny-Cmiel/cr ch-CZE 1990 
(20)}) 11. Qxd4 b5 (11... Qa5 12. Bd2 Qc5 13. Qxc5 dxc5 14. Bg5 h6 15. Bxf6
Bxf6 (15... gxf6 16. Na4 b5 17. Nb6 Ra7 18. Nxc8 Rxc8 $11 {0-1 Kostic,V-Campos,
J/Valjevo 1984 (57)}) 16. Na4 Bd4 17. Nb6 Rb8 18. c3 Be5 19. Bc4 Bc7 20. Nd7
Bxd7 21. Rxd7 Bf4+ $11) (11... Qc7 12. Kb1 b5 13. g4 Rd8 14. h5 h6 15. Bh4 b4
16. Ne2 Bb7 17. Nc1 Rac8 18. Bd3 Qc5 19. Qxc5 dxc5 20. Bc4 $11 {1/2-1/2
Herrera,I-Garcia Ilundain,D/Guillermo Garcia mem Premier, Villa Cla 1998 (25)})
12. Kb1 (12. Bxf6 gxf6 (12... Bxf6 13. Qxd6 Qxd6 (13... Qa5 14. e5 $16) 14.
Rxd6 Be5 (14... Bxc3 15. bxc3 e5 16. c4 Be6 17. cxb5 axb5 18. Bxb5 Rxa2 19.
Rhd1 $16) 15. Rd3 Bb7 16. Be2 $14) 13. Bd3 Bb7 $1 $132 (13... Kh8 $2 14. e5 $1
Bb7 15. Bxh7 $1 fxe5 16. Qg4 $1 Kxh7 17. Qh5+ Kg7 18. Rh3 Bg5+ 19. hxg5 Rh8 20.
Qxh8+ $1 (20. Qg4 $2 $132 {0-1 Salmensuu,O-Zvjaginsev,V/Linares ESP 2000 (45)})
20... Qxh8 21. Rxh8 Rxh8 22. Rxd6 $16)) 12... Qa5 (12... Bb7 13. Qd2 Rc8 14.
Bd3 Nd7 15. a3 Nb6 16. Ne2 f6 17. Be3 Nc4 18. Bxc4 Rxc4 19. Nd4 Qd7 20. Nb3 $14
{1-0 Bologan,V-Zvjaginsev,V/Belfort FRA 1999 (39)}) 13. e5 $5 $11 {After this
move Black equalize without any problems, but the game is not ended!} ({
More interesting} 13. Qd2 b4 14. Ne2 e5 15. Nc1 Be6 16. g4 Rfd8 17. Bxf6 Bxf6
18. g5 Be7 19. Bh3 {with complicated approximately equal game} Bc4 (19... Bxh3
20. Rxh3 Rac8 $132) (19... d5 20. Bxe6 fxe6 21. Nd3 Qc7 22. Qe2 (22. exd5 Rxd5
23. Qe2 $11) 22... Kh8 $132 {0-1 Mitenkov,N-Aseev,K/Russia (ch) 1995/Inf 65/ 
(55)}) 20. b3 Bb5 (20... d5 21. bxc4 dxc4 22. Qe2 c3 23. Qc4) 21. h5 d5 22.
exd5 Bc6 23. g6 $132 {0-1 Tringov-Kuprejcik/Plovdiv 1980/Inf 30 (41)}) 13...
dxe5 14. Qxe5 Bb7 15. Bd3 (15. Bd2 Qb6 16. Be3 Qc6 17. Bd3 $11) 15... Rac8 16.
Ne4 Bxe4 (16... Bd5 17. Nxf6+ $1 (17. b3 Nxe4 18. fxe4 f6 19. Qg3 Bb7 (19...
Bxb3 20. axb3 fxg5 21. hxg5 Ba3 {[%cal Ga5c3]} 22. e5 $18) 20. Bh6 Rf7 21. Rhf1
Ba3 22. Bd2 $132) 17... gxf6 18. Bxf6 Qxa2+ 19. Kc1 Qa1+ 20. Kd2 Qa5+ 21. c3
Bxf6 22. Qxf6 $14) 17. Bxe4 Rc5 18. Qg3 Rfc8 19. Bd3 (19. Bh6 Nh5 20. Qg4 g6
21. Bd3 (21. Bxg6 $2 hxg6 22. b4 Qa3 23. bxc5 Bf6 $17) 21... Nf6 22. Qg3 $132)
19... Nd5 20. Bxe7 Nxe7 21. Qe1 (21. h5 h6 22. Rh4 Rd5 $132) 21... Qc7 (21...
Qxe1 22. Rhxe1 Nd5 $11) 22. Qe4 Nf5 23. g4 Re5 24. Qf4 Ne3 $5 {Black try to
win this equal position.} (24... Ne7 $11 {With consolidation}) 25. Rc1 {
[%csl Re3,Re5]} (25. Rde1 Qc5 $132) 25... Nd5 26. Qd4 {[%csl Re5]} b4 $2 $14 {
[%csl Ra6]} (26... Rd8 27. f4 Re3 28. Rcd1 b4 29. Ka1 Kh8 (29... Qa5 30. Bc4
$14) 30. Bxa6 Rf3 31. f5 Qxc2 $132) 27. f4 $6 $11 (27. Bxa6 Rd8 (27... Ra8 28.
Bc4 $14) 28. Qc4 $14) 27... Re3 $8 28. f5 Qb7 (28... Rd8 29. Qc4 Qxc4 30. Bxc4
exf5 31. Rhd1 Re5 32. gxf5 Rd7 33. Rd3 a5 34. Rcd1 Nb6 35. Rxd7 Nxd7 36. c3 Nf8
37. cxb4 axb4 38. Kc2 Rxf5 39. Kb3 Rf2 40. Rd4 $16 {[%csl Rb4]}) 29. fxe6 fxe6
$2 $16 {Passing border of allowable risk.} (29... Rxe6 $1 {Without pawn
circuit damage.} 30. Bf5 Rd8 31. Rhd1 Red6 32. Ka1 $132) 30. g5 $1 (30. Rhe1 e5
(30... Rd8 31. Qc4 $14) 31. Bxa6 (31. Qxe3 Nxe3 32. Rxe3 Rc5 $15) 31... Qc6 32.
Qd2 (32. Qxe3 Nxe3 33. Bxc8 Ng2 34. Bf5 Nxe1 35. Rxe1 g6 36. Be4 Qf6 37. Bd5+ (
37. g5 Qf4 38. Bd5+ Kf8 39. Rh1 e4 $17) 37... Kg7 38. h5 $15) 32... Nc3+ 33.
Ka1 (33. bxc3 bxc3 34. Qxe3 Qxa6 $19) 33... Qxa6 34. bxc3 Rexc3 (34... bxc3 35.
Qd5+ $18) 35. Qd5+ Kh8 36. Qxe5 {[%cal Ge5e8]} (36. Rxe5 b3 $19) 36... Qa4 $17
{[%cal Ga4e8]}) 30... e5 (30... a5 31. Rhe1 e5 32. Qg4 Nc3+ 33. Ka1 $18) 31.
Qg4 $2 $132 (31. Bxa6 $1 {Both of sides didn't evaluate well or maybe missed a
little tactic trick} Qc6 (31... Qa8 32. Qd2 Rc5 {[%csl Ra6]} 33. Qf2 $8 (33.
Be2 Nc3+ 34. bxc3 bxc3 $19) 33... Qxa6 (33... Nc3+ 34. bxc3 bxc3 35. Ka1 $18)
34. Rhf1 {[%csl Rf7,Rf8]} h6 (34... Nf4 35. Qxe3 $18) 35. Qf8+ Kh7 36. Qxc5 $18
) 32. Qa7 Ra8 33. Bb7 Rxa7 34. Bxc6 $16) 31... Nf4 32. Bf5 (32. Rhe1 Rxe1 33.
Rxe1 Nxd3 34. Qe6+ (34. cxd3 Qc6 35. Qc4+ Qxc4 36. dxc4 Rxc4 37. Rxe5 Rxh4 $17)
34... Kh8 35. cxd3 Qc7 36. Qc4 $11) 32... Rf8 (32... Re8 $132) 33. Rhe1 Rxe1
34. Rxe1 Qd5 $6 $14 (34... g6 35. Be4 Qb5 36. Rd1 a5 $11) 35. Be4 {[%csl Ra6,
Rb4,Re5] White pieces cooperate well, and because of P "islands" Forgarasi has
advantage} Qd4 36. Qd1 (36. h5 Rd8 37. Qf3 $14) 36... Qf2 (36... Qxd1+ 37. Rxd1
$14) 37. h5 (37. Bd5+ Kh8 (37... Nxd5 38. Qxd5+ Kh8 39. Qxe5 Qxh4 $11) 38. Bc4
Ng2 $132) 37... Kh8 (37... Qd4 38. h6 (38. Qxd4 exd4 39. h6 gxh6 40. gxh6 Rf6
$132) 38... Qxd1+ 39. Rxd1 gxh6 40. gxh6 Rf6 41. Rd8+ Kf7 42. Rd7+ Ke6 43. Ra7
$16) (37... Nxh5 38. Bxh7+ Kxh7 39. Qxh5+ Kg8 40. Qd1 Qd4 41. Qe2 $16 {[%csl
Rg8]}) 38. h6 $1 {[%csl Rh8] After this move Black K get in the constrained
situation} gxh6 (38... g6 39. Bb7 $14) 39. gxh6 Rg8 40. Rh1 (40. Bb7 $1 Qd4 41.
Qxd4 exd4 42. Bxa6 $16) 40... Qd4 $6 $16 {Decision to change Queens is wrong} (
40... Qb6 $142 $1 41. Re1 $14) 41. Qxd4 exd4 42. Kc1 (42. Rd1 Rf8 43. Rxd4 Ne6
44. Rd1 Rf6 45. Rh1 Ng5 46. Bd5 Rd6 47. Bc4 Rc6 48. Rh4 Rg6 49. b3 $16) 42...
Re8 43. Bd3 $5 (43. Bb7 a5 44. Rf1 Ng6 45. Kd2 Ne5 46. Bd5 Ng4 47. Kd3 Nxh6 48.
Kxd4 $14) 43... Re6 (43... Nxd3+ 44. cxd3 Re6 45. Kc2 Kg8 46. Kb3 $16) 44. Kd2
a5 45. Rf1 Rf6 (45... Ng6 46. Rf7 $16) 46. Bc4 {[%csl Rh8][%cal Gf1f6]} Rf8 (
46... Nh5 47. Rxf6 Nxf6 48. Kd3 Ng4 49. Kxd4 Nxh6 50. Kc5 Nf5 51. Bd3 $18 {
[%csl Ra5,Rb4]}) 47. Rf3 Rf6 48. b3 $22 $18 Rf8 49. Rf2 Rf6 50. Rf1 Rf8 51. Re1
$1 Ng2 (51... Ng6 52. Re4 Rf4 53. Re8+ Rf8 54. Rxf8+ Nxf8 55. Kd3 $18) 52. Re4
Ne3 53. Rxd4 Nf5 54. Rd5 Nxh6 55. Rxa5 Nf5 56. Bd3 Ng3 57. Rb5 h5 58. Rxb4 Kg7
59. a4 Ra8 60. Ke3 Rh8 61. Kf3 h4 62. Kg4 Nh1 63. Rf4 Rh6 64. Kh3 1-0

[Event "Belgrade GMA op"]
[Site "Belgrade"]
[Date "1988.??.??"]
[Round "?"]
[White "Wang, Zili"]
[Black "Gurevich, Dmitry"]
[Result "1/2-1/2"]
[WhiteElo "2310"]
[BlackElo "2475"]
[Annotator "Gurevich,D"]
[PlyCount "109"]
[EventDate "1988.12.??"]
[EventType "swiss"]
[EventRounds "9"]
[EventCountry "YUG"]
[SourceTitle "TD"]
[Source "ChessBase"]
[SourceDate "1994.03.01"]
[SourceVersion "1"]
[SourceVersionDate "1994.03.01"]
[SourceQuality "1"]

1. e4 c5 2. Nf3 d6 3. d4 cxd4 4. Nxd4 Nf6 5. Nc3 Nc6 6. Bg5 e6 7. Qd2 Be7 8.
O-O-O O-O 9. Nb3 a5 10. a4 d5 11. Bb5 Nb4 12. Rhe1 (12. e5 $5) 12... Bd7 $5 (
12... h6) (12... dxe4) 13. e5 (13. exd5 $5 Bxb5 14. d6 Qxd6 15. Qxd6 Bxd6 16.
Rxd6 Bc6 $14) (13. Bxd7) 13... Ne8 14. h4 $5 Nc7 15. Nd4 (15. Nc5 $5 Bxb5 16.
axb5 b6 17. Nb7 Qd7 18. Ne4 $5 (18. Bxe7 Qxe7 19. Nd6 f6)) 15... Nc6 16. Bxe7 (
16. Nf3 Nxb5 17. Nxb5 Nb4 $5) 16... Qxe7 17. Qg5 $5 f6 18. exf6 (18. Qg3 Nxb5
19. axb5 Nxd4 20. Rxd4 f5) 18... Qxf6 19. Nf3 Nxb5 20. Nxb5 (20. axb5 Na7)
20... Rad8 21. Rd2 Qf4 22. Qxf4 (22. b3 $5 Qb4 23. Kb2) 22... Rxf4 23. b3 Rdf8
24. Re3 h6 25. Kd1 e5 $5 (25... g5 $2 26. hxg5 hxg5 27. Nxg5 Rxf2 28. Rxf2 Rxf2
29. Nxe6 $16) 26. Nxe5 (26. Rxd5 $1 Bg4 27. Ke1 e4 28. Nh2 Be6 29. Rd2 Rxh4 30.
Nf1 { g3}) 26... Nxe5 27. Rxe5 Rxf2 28. Rxf2 Rxf2 29. Rxd5 Bg4+ 30. Kc1 Rxg2
31. Nd6 b6 (31... Bf3 $5 32. Rxa5 g5 $5) (31... g5 32. hxg5 h5 33. Nf5 Bxf5 34.
Rxf5 Kg7 (34... h4 $2 35. Rf4 h3 36. Rh4 h2 37. Kb2 Kg7 38. Rh6 $1 {Wang Zili})
35. Rb5) 32. Nc4 Be6 33. Rd8+ Kf7 34. Ne5+ $5 (34. Nxb6 Rg4) 34... Kf6 35. Nd3
Rh2 36. Rd6 Rxh4 37. Rxb6 Ke7 38. b4 $5 axb4 39. a5 Bf5 40. Nxb4 Be4 41. a6 (
41. Rb5 g6 $1 { h5}) 41... Rh5 42. Kd2 (42. Rb7+ Kf6 $1 (42... Bxb7 43. axb7
Rb5 44. Nc6+ Kd6 45. b8=Q+ Rxb8 46. Nxb8 h5)) 42... Ra5 43. Ke3 Bh1 44. c4 h5
45. Nc6+ Bxc6 46. Rxc6 Kd8 47. Rg6 h4 48. Kd4 h3 49. Rxg7 Rxa6 50. Rh7 Ra3 51.
c5 Rg3 52. Kd5 Kc8 53. Kc6 Rg6+ 54. Kb5 Kb8 55. Rxh3 1/2-1/2

[Event "Rishon Le Ziyyon"]
[Site "Rishon Le Ziyyon"]
[Date "1996.??.??"]
[Round "6"]
[White "Liss, Eran"]
[Black "Shmuter, Leonid"]
[Result "1-0"]
[WhiteElo "2480"]
[BlackElo "2490"]
[Annotator "Hecht,H"]
[PlyCount "105"]
[EventDate "1996.02.??"]
[EventType "tourn"]
[EventRounds "9"]
[EventCountry "ISR"]
[EventCategory "13"]
[SourceTitle "CBM 053"]
[Source "ChessBase"]
[SourceDate "1996.08.01"]
[SourceVersion "1"]
[SourceVersionDate "1996.08.01"]
[SourceQuality "1"]

1. e4 c5 2. Nf3 d6 3. d4 cxd4 4. Nxd4 Nf6 5. Nc3 Nc6 6. Bg5 Qb6 7. Nb3 e6 8.
Qd2 Be7 9. O-O-O O-O 10. f3 Rd8 11. Nb5 Rd7 12. Be3 Qd8 13. N5d4 e5 14. Nxc6
bxc6 15. Na5 Qc7 16. Qc3 Bb7 17. Qb4 d5 18. Qxb7 Qxb7 19. Nxb7 Rxb7 20. Ba6 Rc7
21. Bd2 d4 22. c3 c5 23. Kb1 Rb8 24. cxd4 Rc6 25. Bd3 cxd4 26. Rc1 Rbc8 27.
Rxc6 Rxc6 28. Rc1 Rxc1+ 29. Kxc1 {[#] Läuferpaar mit Bauernmajorität am
Damenflügel, Öffnung der Stellung ab Zug 38 führt zu mehr Freibauern und
Kraftzuwachs für die LL} Ne8 30. Kc2 Kf8 31. Kb3 Nd6 32. Ka4 Bd8 33. f4 f6 34.
f5 Ke7 35. b4 Kd7 36. Kb3 Kc6 37. a4 a6 38. g4 g5 (38... Kb6 $5 39. h4 h6 {
Bauchlage bietet bessere Chancen auf Remis als Öffnung der Stellung und
Bildung weiterer Freibauern}) 39. fxg6 hxg6 40. Be1 f5 (40... g5 41. Bxa6 Nxe4
42. b5+ $16) 41. exf5 gxf5 42. gxf5 a5 43. Bg3 Kd5 44. bxa5 Bxa5 45. f6 Bd8 46.
f7 Be7 47. a5 Nc8 48. Bc4+ Kd6 49. a6 Bf8 50. Be1 Kc6 51. Bb4 Nd6 52. a7 Kb7
53. Bc5 1-0